Central Library OPAC University of Rajshahi

মোহাম্মদ মনিরুজ্জামান-এর কবিতা : (Record no. 78102)

MARC details
000 -LEADER
fixed length control field 01790nam a2200277 a 4500
001 - CONTROL NUMBER
control field 78102
003 - CONTROL NUMBER IDENTIFIER
rucl marc code BD-RjUL
005 - DATE AND TIME OF LATEST TRANSACTION
control field 20211209083105.0
008 - FIXED-LENGTH DATA ELEMENTS--GENERAL INFORMATION
fixed length control field 210321s2014 bg a|||| m||| 00| 0 ben d
035 ## - SYSTEM CONTROL NUMBER
System control number (BD-RjUL)78328
040 ## - CATALOGING SOURCE
Original cataloging agency BD-RjUL
Language of cataloging ben /eng
Transcribing agency BD-RjUL
Modifying agency BD-RjUL
041 ## - LANGUAGE CODE
Language code of text/sound track or separate title ben
082 ## - DEWEY DECIMAL CLASSIFICATION NUMBER
Classification number 891.44109
Author mark and year SAM 2014
Edition number 23
100 ## - MAIN ENTRY--PERSONAL NAME
Personal name সরওয়ার, সরদার মো. গোলাম
9 (RLIN) 246307
245 10 - TITLE STATEMENT
Title মোহাম্মদ মনিরুজ্জামান-এর কবিতা :
Remainder of title বিষয় ও শিল্পরূপ /
Statement of responsibility, etc. সরদার মো. গোলাম সরওয়ার ;
Linkage গবেষণা তত্ত্বাবধায়ক : অমৃতলাল বালা
260 ## - PUBLICATION, DISTRIBUTION, ETC. (IMPRINT)
Place of publication, distribution, etc. রাজশাহী :
Name of publisher, distributor, etc. বাংলা বিভাগ, রাজশাহী বিশ্ববিদ্যালয়,
Date of publication, distribution, etc. ২০১৪
300 ## - PHYSICAL DESCRIPTION
Pagination vii, ৩৬৮ পাতা :
Illustrations চিত্র ;
Size ২৯ সেমি.
502 ## - DISSERTATION NOTE
Dissertation note থিসিস (এম.ফিল.) -- বাংলা বিভাগ, রাজশাহী বিশ্ববিদ্যালয়, ২০১৪
504 ## - BIBLIOGRAPHY, ETC. NOTE
Bibliography, etc গ্রন্থপঞ্জী : পাতা ৩২০-৩৪৩
600 ## - SUBJECT ADDED ENTRY--PERSONAL NAME
Personal name মনিরুজ্জামান, মোহাম্মদ,
Dates associated with a name --১৯৩৬ - ২০০৮
General subdivision সমালোচনা ও ব্যাখ্যা
Personal name Moniruzzaman, Mohammad,
Dates associated with a name --1936 - 2008
General subdivision Criticism and Interpretation
650 ## - SUBJECT ADDED ENTRY--TOPICAL TERM
Topical term or geographic name as entry element বাংলা কবিতা
General subdivision ইতিহাস ও সমালোচনা
9 (RLIN) 246310
Topical term or geographic name as entry element Bengali Poetry
General subdivision History & Criticism
9 (RLIN) 246311
700 ## - ADDED ENTRY--PERSONAL NAME
Personal name বালা, অমৃতলাল, গবেষণা তত্ত্বাবধায়ক
942 ## - ADDED ENTRY ELEMENTS (KOHA)
Source of classification or shelving scheme Dewey Decimal Classification
Koha item type Theses
Holdings
Lost status Source of classification or shelving scheme Damaged status Not for loan Collection code Permanent Location Current Location Shelving location Date acquired Source of acquisition Total Checkouts Full call number Date last seen Copy number Koha item type
  Dewey Decimal Classification   Not For Loan Theses Central Library, University of Rajshahi Central Library, University of Rajshahi Documentation Section 14/06/2015 Controller of Exam., R.U.   BTHE 891.44109 SAM 2014 21/03/2021 C-1 Theses